Szamoskrassó szociálgeográfiai elemzése

Elmentve itt :
Bibliográfiai részletek
Szerző: Paku Antónia
További közreműködők: Bajmócy Péter (Témavezető)
Dokumentumtípus: Szakdolgozat
Megjelent: 2018
Kulcsszavak:szociálgeográfia
német irányzat
hét alapfunkció
Románia
Szamoskrassó
község
közigazgatás
Tárgyszavak:
Online Access:http://diploma.bibl.u-szeged.hu/73073
LEADER 00853nta a2200253 i 4500
001 dipl73073
005 20190923113031.0
008 190918s2018 hu om 0|| zxx d
040 |a SZTE Diploma Repozitórium  |b hun 
041 |a zxx 
100 1 |a Paku Antónia 
245 1 0 |a Szamoskrassó szociálgeográfiai elemzése  |h [elektronikus dokumentum] /  |c Antónia Paku 
246 1 0 |a Social Geographic Analysis of Szamoskrassó  |h [elektronikus dokumentum] 
260 |c 2018 
650 4 |a Természettudományok 
695 |a szociálgeográfia 
695 |a német irányzat 
695 |a hét alapfunkció 
695 |a Románia 
695 |a Szamoskrassó 
695 |a község 
695 |a közigazgatás 
700 1 |a Bajmócy Péter  |e ths 
856 4 0 |u http://diploma.bibl.u-szeged.hu/id/eprint/73073/1/2018_Paku_Ant%C3%B3nia_O6W32Y_SZ.pdf  |z Dokumentum-elérés